000 00268nam a22000977a 4500
999 _c11131
_d11131
008 180922b ||||| |||| 00| 0 eng d
020 _a97817676016
100 _aKshetrapal, Anu
_96895
245 _aNon vegiterian Dishes
260 _aNew Delhi
_bNita Mehta Publication
_c2008